| 000 | 04874cam a22003731i 4500 | ||
|---|---|---|---|
| 001 | 019647009 | ||
| 003 | EG-ScBUE | ||
| 005 | 20251006090539.0 | ||
| 008 | 190119s2019 njuab f b 001 0 eng d | ||
| 020 | _a9781119154167 | ||
| 040 |
_aStDuBDS _beng _erda _cStDuBDS _dEG-ScBUE |
||
| 082 | 0 | 4 |
_a320 _222 _bCON |
| 245 | 0 | 0 |
_aContemporary political philosophy : _ban anthology / _cedited by Robert E. Goodin and Philip Pettit. |
| 250 | _aThird edition. | ||
| 264 | 1 |
_aHoboken, NJ : _bWiley-Blackwell, _c2019. |
|
| 300 |
_aix, 726 pages : _billustrations, maps ; _c24 cm. |
||
| 336 |
_atext _btxt _2rdacontent |
||
| 337 |
_aunmediated _bn _2rdamedia |
||
| 338 |
_avolume _bnc _2rdacarrier |
||
| 490 | 0 |
_aBlackwell philosophy anthologies ; _v41 |
|
| 504 | _aIncludes bibliographical references and index. | ||
| 505 | 0 | _aRealism and moralism in political theory / Bernard Williams -- What do we want from a theory of justice? / Amartya Sen -- Utopophobia / David Estlund -- Political political theory : an inaugural lecture / Jeremy Waldron -- The state / Quentin Skinner -- State simplification / James C. Scott -- The liberal state / Catharine A. MacKinnon -- The market and the forum : three varieties of political theory / Jon Elster -- Invoking civil society / Charles Taylor -- The public sphere / Jürgen Habermas -- Procedural democracy / Robert A. Dahl -- Deliberation and democratic legitimacy / Joshua Cohen -- Dealing with difference : a politics of ideas or a politics of presence? / Anne Phillips -- A "selection model" of political representation / Jane Mansbridge -- Justice as fairness / John Rawls -- Nozick's entitlements / Onora O'Neill -- Justice engendered / Martha Minow -- Political responsibility and structural injustice / Iris Marion Young --. | |
| 505 | 0 | _aSuperseding historic injustice / Jeremy Waldron -- Are there any natural rights? / H.L.A. Hart -- Taking rights seriously / Ronald M. Dworkin -- Basic rights / Henry Shue -- The dark side of human rights / Onora O'Neill -- A defense of abortion / Judith Jarvis Thomson -- Justice and minority rights / Will Kymlicka -- Two concepts of liberty / Isaiah Berlin -- What's wrong with negative liberty? / Charles Taylor -- A third concept of liberty / Quentin Skinner -- Libertarian paternalism / Richard H. Thaler and Cass R. Sunstein -- Political liberalism and religion : on separation and establishment / Cicile Laborde -- Complex equality / Michael Walzer -- Equality of what? / Amartya Sen -- Equality and priority / Derek Parfit -- Chance, choice and justice / Brian Barry -- What is the point of equality? / Elizabeth S. Anderson -- Power, right, truth / Michel Foucault -- The domination contract / Charles Mills -- Race, sex, and indifference / Carole Pateman --. | |
| 505 | 0 | _aRespecting beliefs and rebuking rushdie / Peter Jones -- The structure of proletarian unfreedom / G.A. Cohen -- What's wrong with colonialism / Lea Ypi -- Just war : the case of World War II / G.E.M. Anscombe -- National self-determination / Avishai Margalit and Joseph Raz -- The ethical significance of nationality / David Miller -- The romance of the nation-state / David Luban -- Democracy : from city-states to a cosmopolitan order? / David Held -- Transnationalizing the public sphere / Nancy Fraser -- Migration and poverty / Thomas Pogge -- Humanity and justice in global perspective / Brian Barry. | |
| 520 |
_a"The essays contained in this collection represent what seem to us to be canonical texts in contemporary political philosophy. But they only represent the contemporary canon, they do not exhaust it. Although this collection is two or perhaps three times the size of most, we nevertheless found that we had space for only a sample of the very many more texts and topics that we would like to have included.The collection is deliberately designed as a companion to our earlier Companion to Contemporary Political Philosophy (Oxford: Wiley-Blackwell, 1993; 2nd edition, 2012). We attempted to retain something of the same flavor in this collection, much the same scope of substantive concerns and much the same diversity of analytic styles. Inevitably, though, there is so much more surveyed in the Companion's many chapters than can be reprinted here. Interested readers are referred back to the Companion not only to situate the texts in the present collection but also for further readings and whole other sets of concerns"-- _cProvided by publisher. |
||
| 540 |
_aCurrent Copyright Fee: GBP25.00 _c0 _5Uk |
||
| 650 | 7 |
_aPolitical science _xPhilosophy. _2BUEsh |
|
| 653 |
_cOctober2025 _bBUSBOL |
||
| 655 | _vReading book | ||
| 700 | 1 |
_aGoodin, Robert E., _eeditor. |
|
| 700 | 1 |
_aPettit, Philip, _d1945- _eeditor. |
|
| 776 | 0 | 8 |
_iOnline version: _tContemporary political philosophy _bThird edition. _w(DLC) 2019004870 _dHoboken, NJ : Wiley-Blackwell, 2019 _z9781119154174 |
| 942 |
_2ddc _cBB |
||
| 999 |
_c30997 _d30968 |
||